Central Library OPAC University of Rajshahi

The Union and the states : (Record no. 41858)

MARC details
000 -LEADER
fixed length control field 01442nam a2200325 a 4500
001 - CONTROL NUMBER
control field 41858
003 - CONTROL NUMBER IDENTIFIER
rucl marc code BD-RjUL
005 - DATE AND TIME OF LATEST TRANSACTION
control field 20211209053448.0
008 - FIXED-LENGTH DATA ELEMENTS--GENERAL INFORMATION
fixed length control field 160607s1972 ii bs 101 0 eng
035 ## - SYSTEM CONTROL NUMBER
System control number (BD-RjUL)41976
040 ## - CATALOGING SOURCE
Original cataloging agency DLC
Transcribing agency DLC
Modifying agency DLC
-- (BD-RjUL)
Language of cataloging eng
041 ## - LANGUAGE CODE
Language code of text/sound track or separate title eng
082 00 - DEWEY DECIMAL CLASSIFICATION NUMBER
Classification number 354.54082
Edition number 23
Author mark and year UNI 1972
111 2# - MAIN ENTRY--MEETING NAME
Meeting name or jurisdiction name as entry element National Convention on Union-State Relations,
Location of meeting Indian Law Institute,
Date of meeting 1970.
9 (RLIN) 128579
245 04 - TITLE STATEMENT
Title The Union and the states :
Remainder of title [papers and proceedings] /
Statement of responsibility, etc. Editors: S.N. Jain, Subhash C. Kashyap [and] N. Srinivasan; assistant editor: M. C. Shah.
260 ## - PUBLICATION, DISTRIBUTION, ETC. (IMPRINT)
Place of publication, distribution, etc. Delhi :
Name of publisher, distributor, etc. National [Pub. House;
Place of publication, distribution, etc. oveaseas distributors: Books from India :
-- London :
Date of publication, distribution, etc. 1972
300 ## - PHYSICAL DESCRIPTION
Pagination xv, 522 p.
Size 25 cm.
350 ## - PRICE (NR) (BK AM CF MU VM SE) [OBSOLETE]
Price Rs70.00
500 ## - GENERAL NOTE
General note "Published under the auspices of the Indian Law Institute, the Indian Institute of Public Administration [and] the Institute of Constitutional and Parliamentary Studies."
504 ## - BIBLIOGRAPHY, ETC. NOTE
Bibliography, etc Bibliography: p. [481]-508.
650 #0 - SUBJECT ADDED ENTRY--TOPICAL TERM
Topical term or geographic name as entry element Federal government
Geographic subdivision India
General subdivision Congresses.
9 (RLIN) 128580
700 1# - ADDED ENTRY--PERSONAL NAME
Personal name Jain, Srimandir Nath,
Dates associated with a name 1928-
Personal name Kashyap, Subhash C.,
Relator term ed.
Personal name Srinivasan, N.,
Relator term ed.
710 2# - ADDED ENTRY--CORPORATE NAME
Corporate name or jurisdiction name as entry element Indian Law Institute.
9 (RLIN) 128584
Corporate name or jurisdiction name as entry element Indian Institute of Public Administration.
9 (RLIN) 128585
Corporate name or jurisdiction name as entry element Institute of Constitutional and Parliamentary studies, Delhi.
9 (RLIN) 128586
942 ## - ADDED ENTRY ELEMENTS (KOHA)
Source of classification or shelving scheme Dewey Decimal Classification
Koha item type Books
Holdings
Lost status Source of classification or shelving scheme Damaged status Not for loan Collection code Permanent Location Current Location Shelving location Date acquired Source of acquisition Total Checkouts Full call number Date last seen Copy number Koha item type
  Dewey Decimal Classification     Non-fiction Central Library, University of Rajshahi Central Library, University of Rajshahi   22/06/1994 India govt.   354.54082 UNI 1972 07/06/2016 C-2 Books